Normal view
MARC view
Entry Personal Name
001 - CONTROL NUMBER
- control field: 49334
003 - CONTROL NUMBER IDENTIFIER
- control field: ARRUPE
005 - DATE AND TIME OF LATEST TRANSACTION
- control field: 20200204094124.0
008 - FIXED-LENGTH DATA ELEMENTS
- fixed length control field: 200204|| aca||aabn | a|a d
040 ## - CATALOGING SOURCE
- Original cataloging agency: ARRUPE
- Transcribing agency: ARRUPE
100 ## - HEADING--PERSONAL NAME
- Personal name: Charlotte Augusta,
- Titles and other words associated with a name: Princess of Great Britain,
- Dates associated with a name: 1796-1817.
670 ## - SOURCE DATA FOUND
- Source citation: Work cat.: (ARRUPE)0: Plowden, Alison. 49332, Caroline & Charlotte :, 2005.